000 00719cam a2200205 4500
001 WB3614-37
008 000000n2000 000 0 eng u
035 _a(Sirsi) u105264
245 _aFarmers becoming greener
260 _c2000
490 _aBirmingham Post
_v6 April 2000, 30(1)
520 _aA survey carried out by Linking and Environment and Farming (LEAF) shows that farmers are improving their business and environmental management policies despite the downturn in agricultural incomes.
590 _aWB
650 _aFARMING
650 _aEnvironment
_96238
650 _aGREEN FARMING
650 _aLINKING ENVIRONMENT AND FARMING (LEAF)
690 _aRURAL-FARM BUSINESS MANAGEMENT
942 _n0
999 _c63119
_d63119